000
00262nam a22001097a 4500
082
_a
894.812
_b
BAB/M
100
_a
BABU,ULLALA
245
_a
MAHANMARUDE RASAMULLA KADHAKALUM VACHANANGALUM
260
_b
SHARON BOOKS
650
_a
STORY & QUOTES
_z
KERALA
942
_c
BK
999
_c
1784
_d
1784